| Поле | Инд. | ПП | Название | Значение |
|---|---|---|---|---|
| Тип записи | a | |||
| Библиографический уровень | b | |||
| 001 | Контрольный номер | RU/IS/BASE/226431993 | ||
| 005 | Дата корректировки | 20220905145143.1 | ||
| 008 | Кодируемые данные | 20070305 | ||
| 040 | b | Код языка каталог. | rus | |
| e | Правила каталог. | PSBO | ||
| 041 | 0_ | a | Код языка текста | rus |
| 084 | a | Индекс другой классификации/Индекс ББК | 63.3(3)513-68 | |
| 100 | 1_ | a | Автор | Гребенщикова Г. А. |
| q | Полное имя | Гребенщикова Галина Александровна | ||
| 245 | 10 | a | Заглавие | Российские военно-морские силы в Эгейском море в 1770-1774 гг. |
| 504 | a | Библиография | Лит. в примеч. в конце статьи | |
| 600 | a | Персоналии | Екатерина II Великая | |
| a | Персоналии | Орлов Григорий Григорьевич | ||
| a | Персоналии | Панин Никита Иванович | ||
| a | Персоналии | Панин Петр Иванович | ||
| a | Персоналии | Спиридов Григорий Андреевич | ||
| 650 | a | Основная рубрика | внешняя политика | |
| a | Основная рубрика | история | ||
| a | Основная рубрика | международные отношения | ||
| 653 | a | Ключевые слова | "Греческий проект" Екатерины II | |
| a | Ключевые слова | XVIII век | ||
| a | Ключевые слова | военно-морские силы (ВМС) | ||
| a | Ключевые слова | войны | ||
| a | Ключевые слова | Греция | ||
| a | Ключевые слова | морские сражения | ||
| a | Ключевые слова | Османская империя | ||
| a | Ключевые слова | Россия | ||
| a | Ключевые слова | русско-турецкая война 1768-1774 | ||
| a | Ключевые слова | Средиземноморье | ||
| a | Ключевые слова | турецкое иго | ||
| a | Ключевые слова | Турция | ||
| a | Ключевые слова | Чесменское сражение 1770 | ||
| a | Ключевые слова | Эгейское море | ||
| 773 | 0_ | t | Заглавие источника | Вопросы истории |
| d | Дата издания источника | 2007 | ||
| g | Прочая информация | № 2. - С. 117 - 128 | ||
| w | Контрольный № источника | RU/IS/BASE/225813565 | ||
| 901 | t | Тип документа | b |